| 000 | 01266nam a2200301 a 4500 | ||
|---|---|---|---|
| 001 | BRCA_3397 | ||
| 005 | 20190320204248.0 | ||
| 041 | _aeng | ||
| 044 | _aenk | ||
| 084 |
_a686 _b.D468 _c1910 |
||
| 100 | 1 |
_aCervantes Saavedra, Miguel de _d1547-1616 _9213 |
|
| 245 | 1 | 0 |
_aThe History of Don Quixote de la Mancha _cBy Miguel de Cervantes Saavedra. |
| 260 |
_aLondres : Nueva York _bJ. M. Dent and Sons : E. P. Dutton and Co. _c1910 |
||
| 300 |
_a2 v. _c18 cm. |
||
| 440 | 0 |
_aEveryman´s Library _98924 |
|
| 500 | _aContenido : v.1. Primera parte. Introducción por J. Gibson Lockhart. Prólogo de Cervantes. -- v.2. Segunda parte. Prólogo de Cervantes | ||
| 500 | _aTraducción basada en la de Motteux, con la introducción de John Gibson Lockhart. Tela; lomos decorados con dorados Lúdovik Osterc | ||
| 500 | _aQM1150 | ||
| 546 | _aTexto en : inglés | ||
| 650 | 1 | 4 |
_aNovela española _yÉpoca clásica, 1500-1700 _9215 |
| 650 | 1 | 4 |
_aLiteratura española _yÉpoca clásica, 1500-1700 _9216 |
| 650 | 1 | 4 |
_aNovela española _ySiglo XVII _9217 |
| 650 | 1 | 4 |
_aDon Quijote (Personaje ficticio) _eNovela _9218 |
| 700 | 1 |
_aLockhart, John Gibson _d1794-1854 _eAnotador _98925 |
|
| 740 | 0 | _aEl Ingenioso Hidalgo Don Quijote de la Mancha | |
| 902 | _aQFM | ||
| 942 |
_2lcc _cB |
||
| 999 |
_c3133 _d3133 |
||